000 00337cam a2200133Ka 4500
020 _a8174901523
082 _a808.831
_bDHI
_cL-01, P-47
245 0 0 _aFavourite fairy tales
260 _aIndia
_bDhingra
300 _a95 p.
_bill.
_c28 cm
526 _a0
_b0
_c0
_d808_831000000000000_DHI
650 0 _aFairy tales.
_97693
942 _2ddc
_cBK
999 _c550089
_d550089